000 01088nam a22002537a 4500
010 _aB-210056
020 _a8173291748
_c150.00
035 _aB-210056
037 _bCen Lib / Ret
040 _aDPL
_bPN
082 _a852
_bਕਾਲੀਦਾ
100 _aਕਾਲੀਦਾਸ
_9138036
245 _aਸ਼ਕੁੰਤਲਾ :
_bਪੂਰਾ ਨਾਟਕ ਅਭੇ ਕਥਾ ਰੂਪਾਂਤਰਣ /
_cਕਾਲੀਦਾਸ ; ਅਨੁਵਾਦ ਬਲਦੇਵ ਸਿੰਘ 'ਬੱਦਨ'
246 _aShakuntala /
_bby Kalidaas ; translation by Baldev Singh 'Baddan'
260 _aਦਿਲੀ
_bਸ਼ਿਲਾਲੇਖ
_c2006
270 _aਸਾਹਾਦਰ
_bਦਿਲੀ
_e110032
300 _a151p.
_c23cm(Hb)
650 _aਪੰਜਾਬੀ ਸਾਹਿਤ
_9138037
650 _aਪੰਜਾਬੀ ਸਾਹਿਤ-ਨਾਟਕ
_9138038
650 _aPunjabi Literature
_9138039
650 _aPunjabi-Play
_97361
700 _aਅਨੁਵਾਦ ਬਲਦੇਵ ਸਿੰਘ 'ਬੱਦਨ'
_9116320
942 _2ddc
_cPN
_h852
_mਕਾਲੀਦਾ
999 _c109738
_d109738